000 02537nam0a2200361 4500
001 RU\NLR\BIBL_A\022659317
005 20260204142926.0
010 _a978-5-91718-783-9
_970
021 _aRU
_bКН-П-25-057252
_9КН-П-25-5514
035 _a(NLR Aleph) 022659317
090 _a13543714
_c13543714
100 _a20251105d2025 k y0rusy50 ca
101 0 _arus
_aeng
102 _aRU
105 _ay z 000yy
181 0 _ai4
_baxxe
182 0 _an
200 1 _aКонституционная основа защиты прав личности в Российской Федерации
_eсборник статей
_fФедеральное государственное бюджетное образовательное учреждение высшего образования "Российский государственный университет правосудия имени В. М. Лебедева", Северо-Кавказский филиал, Кафедра государственно-правовых дисциплин
_gответственный редактор: Татьяна Николаевна Матюшева, доктор юридических наук
203 _aТекст
_bвизуальный
_cнепосредственный
210 _aКраснодар
_cИздательский Дом - Юг
_d2025
215 _a172 с.
_d21
300 _aЧасть текста парал. на рус. и англ. яз.
320 _aБиблиогр. в конце ст. и в подстроч. примеч.
606 1 _aПрава человека
_xЗащита
_yРоссийская Федерация
_jСъезды, совещания и т.п
_2nlr_sh1
_2nlr_sh2
_3RU\NLR\AUTH\661262665
686 1 _aХ620я431
702 1 _aМатюшева
_bТ. Н.
_gТатьяна Николаевна
_4340
711 1 2 _a"Конституционная основа защиты прав личности в Российской Федерации", всероссийская научно-практическая конференция
_f2023
_eКраснодар
_3RU\NLR\AUTH\880634575
712 0 2 _aРоссийский государственный университет правосудия им. В. М. Лебедева
_bСеверо-Кавказский филиал
_cКраснодар
_3RU\NLR\AUTH\880634577
_4557
942 _cBOOK
980 _aNB